000 00663nam a22001937a 4500
999 _c525628
_d525628
003 NUST
005 20190703095608.0
008 190703b ||||| |||| 00| 0 eng d
038 _aMr. Zahoor
082 _a658.56
100 _aAhmad, Fayyaz
_916550
245 _aTO ANALYSIS THE LEAD TIME REDUCTION BY THE APPLICATION OF VALUE STREAM MAPPING AND TO DEVELOP AN IMPLEMENTATION APPROACH FOR THE APPAREL INDUSTRY OF PAKISTAN /
_cFayyaz Ahmad
260 _aIslambad :
_bCEME - NUST,
_c2012.
300 _axiv, 83 p. : ill. ;
_c30cm.
500 _aHardcover.
650 _aMEM - MS -PhD
_916551
700 _aProf. Brig. Dr. Nawar Khan
_916552
942 _2ddc
_cTHE